Garbancito / (Registro nro. 12229)

Detalles MARC
000 -LIDER
fixed length control field 00881nam a22002657a 4500
003 - IDENTIFICACDOR DE NÚMERO DE CONTROL
control field DO-SdBPM
005 - DATE AND TIME OF LATEST TRANSACTION
control field 20250321090020.0
008 - ELEMENTOS DE LONGITUD FIJA
fixed length control field 161202b2006 sp a| 00| 0 spa d
020 ## - ISBN
International Standard Book Number 9788498202953
040 ## - FUENTE DE CATALOGACIÓN
Agencia que crea de manera original el registro DO-SdBPM
Idioma de catalogación spa
Agencia que realiza la transcripción BPMSU
082 #4 - NÚMERO DE CLASIFICACIÓN DECIMAL DE DEWEY
Classification number 863.6
Item number L864g 2006
Edition number 22
100 1# - ASIENTO PRINCIPAL -- NOMBRE PERSONAL
Nombre personal Baró, Gerardo
245 10 - MENCIÓN DE TITULO
Título Garbancito /
Mención de responsabilidad anónimo; Emilio López ; ilustración Gerardo Baró ; revisión y corrección Carlos García
260 ## - PUBLICACIÓN, DISTRIBUCIÓN, ETC. (PIE DE IMPRENTA)
Lugar de publicación, distribución, etc Barcelona :
Nombre del editor, distribuidor, etc. El Páis,
Fecha de publicación, distribución, etc 2006.
300 ## - DESCRIPCIÓN FÍSICA
Extensión 41 p. :
Otros detalles físicos il. ;
Dimensiones 20 cm.
490 0# - MENCIÓN DE SERIES
Mención de serie Cuentos infantiles,
Volume/sequential designation 1
500 ## - NOTA GENERAL
Nota general Para leer, jugar y aprender
590 ## - NOTA LOCAL
Texto de la nota local Inventariado, 2025/VM
650 #4 - ENCABEZAMIENTO DE MATERIA--TEMÁTICO
Término temático o nombre geográfico como elemento de entrada Cuentos infantiles españoles
650 #4 - ENCABEZAMIENTO DE MATERIA--TEMÁTICO
Término temático o nombre geográfico como elemento de entrada Aventuras
Subdivisión de forma Cuentos infantiles
650 #4 - ENCABEZAMIENTO DE MATERIA--TEMÁTICO
Término temático o nombre geográfico como elemento de entrada libros ilustrados para niños
700 1# - ASIENTO SECUNDARIO -- NOMBRE PERSONAL
Nombre personal Baró, Gerardo,
Mención de responsabilidad ilustrados
910 ## - VALIDACIÓN
Validación VMateo V. Control de calidad. BPMSU
942 ## - ADDED ENTRY ELEMENTS (KOHA)
Source of classification or shelving scheme Dewey Decimal Classification
Koha item type Libros
Existencias
Withdrawn status Lost status Source of classification or shelving scheme Damaged status Not for loan Collection code Home library Current library Date acquired Source of acquisition Total Checkouts Full call number Barcode Date last seen Price effective from Koha item type
    Dewey Decimal Classification     Colección Infantil General Biblioteca Pública Metropolitana Salomé Ureña Biblioteca Pública Metropolitana Salomé Ureña 12/02/2016 FUNDI   BPMSU CGI 863.6 L864g 2006 BPMSU16120062 12/02/2016 12/02/2016 Libros